000 00847nam a2200241 a 4500
001 49401
003 BD-RjUL
005 20211209054657.0
008 160820s1985 bg ||||| b||| 00| 0 ben d
020 _c: Tk. 15.00
035 _a(BD-RjUL)49520
040 _aBD-RjUL
_bben
_cBD-RjUL
041 _aben
082 _223
_a070.95492
_bDHB 1985
100 1 _aধর, সুব্রত শংকর
_9148300
245 1 0 _aবাংলাদেশের সংবাদপত্র /
260 _aঢাকা :
_bবাংলা একাডেমী,
_c১৯৮৫
300 _a১১৪ পৃ. ;
_c১২ সেমি.
504 _aগ্রন্থপঞ্জী সংযুক্ত
650 _aবাংলাদেশের সংবাদপত্র
_9127007
650 _aBangladeshi newspapers
_9127006
942 _2ddc
_cBK
999 _c49401
_d49401